000 00770nam a22001937a 4500
003 OSt
005 20260321153037.0
008 260321b |||||||| |||| 00| 0 eng d
040 _c0
082 _aDPer 372.21 C437 January-December 2024 v.100 n.1-6
100 _aFlores, Mandee
_eauthor.
_970071
245 _aThe Impact of a Male Floater Teacher in Early Head Start /
_cMandee Flores and Mi-Hwa Park
260 _aWashington D.C., USA
_bRoutledge Taylor & Francis Group
_cNovember-December 2024
300 _aVolume 100, Pages 36-43 :
_billustration ;
_c27cm.
500 _aChildhood Education Innovations, Vol.100, No. 6, Pages 36-43, November-December 2024
700 _aFlores, Mandee
_eauthor.
_970071
700 _aPark, Mi-Hwa.
_eauthor.
_962930
942 _2ddc
_cPER
999 _c24451
_d24451